Difficult Harry Potter Logic Mega-Puzzle Quiz Stats

 Plays Quiz not verified by Sporcle

Challenge
Share
Tweet
Score 0/54 Timer 20:00
1 Play Today
Hint Answer % Correct
A1







???
100%
B2







???
39.4%
B1







???
38%
A2







???
37.1%
F1







???
32.7%
E1







???
30.7%
A9







???
25.9%
F2







???
21.7%
C1







???
21.2%
D1







???
21.1%
F9







???
19%
C2







???
18.9%
E9







???
17.1%
B8







???
17%
D4







???
16%
B9







???
15.7%
D8







???
15.4%
F6







???
15.2%
C9







???
14.3%
F4







???
13.8%
F3







???
13.7%
A4







???
13.5%
E4







???
13.4%
C3







???
13.4%
E8







???
12.7%
B3







???
12.6%
A3







???
12.2%
Hint Answer % Correct
B4







???
11.6%
F8







???
11.4%
B6







???
11.2%
C4







???
10.9%
F5







???
10.3%
C6







???
9.9%
F7







???
9.9%
C8







???
9.9%
A8







???
9.1%
E7







???
8.8%
A7







???
8.5%
D2







???
8.5%
C7







???
8.4%
D7







???
8.4%
E2







???
7.9%
D9







???
7.4%
B7







???
7.3%
C5







???
7.2%
B5







???
7.1%
E3







???
6.7%
D5







???
6%
D3







???
5.8%
A5







???
5.3%
A6







???
4.6%
E5







???
4.5%
D6







???
4.2%
E6







???
4.2%

You're not logged in!

Compare scores with friends on all Sporcle quizzes.
Join for Free
OR
Log In

You Might Also Like...

Show Comments

Extras

Top Quizzes Today


Score Distribution

Your Account Isn't Verified!

In order to create a playlist on Sporcle, you need to verify the email address you used during registration. Go to your Sporcle Settings to finish the process.

Report this User

Report this user for behavior that violates our Community Guidelines.

Details: